000
00297nam a22001097a 4500
008
230621b xxu||||| |||| 00| 0 eng d
082
_a
328.35
_b
IPC 1995
245
_a
93rd Inter-Parliamentary Conference
260
_a
Geneva
_b
Inter-Parliamentary Union
_c
1995
300
_a
VIII,332p
942
_2
ddc
_c
BK
999
_c
2177
_d
2177